000 004650000a22001690004500
003 MACL
005 20151230165802.0
008 151230b xxu||||| |||| 00| 0 eng d
040 _aMACL
_cMACL
041 _aEnglish
082 _a294.592/PRA
100 _aPrabhupada, A C Bhaktivedanta Swami
_925262
245 _aSrimad Bhagavatam
_bPART 1
260 _bThe Bhaktivedanta book Trust
_c1972
_aNew York
650 _aReligion
_925263
942 _cBK
_k294.5924/PRA
_2ddc
999 _c37439
_d37439